000 00440nam a2200157 a 4500
005 20140412111303.0
008 001116s19uu xx 00 eng d
020 _a1-56987-054-3
050 _aER
_bTh32
100 _aThompson, Vicky J.
245 _aThe three billy goats gruff /
_cVIcky J. Thompson.
260 _aAshland, Ohio :
_bLandolls,
_c1993.
300 _a1 v. (unp.) ; ill.
650 _aFolklore -- Norwegian
999 _c103547
_d103547